000 00430nam a2200145Ia 4500
008 230917s9999||||xx |||||||||||||| ||und||
040 _e135614
_aMAIN
041 _aEnglish
082 _a030.954 I2I(2007)
100 _aIndia, Ministry of Information and Broadcasting
245 0 _aIndia 2007: A reference annual
260 _aNew Delhi
_bIndia, Ministry of Information & Broadcasting
_c2007
300 _a1199 p.
942 _cBK
999 _c137452
_d137452